Vector mechanics for engineers (Record no. 4856)

000 -LEADER
fixed length control field 00594nam a2200217 a 4500
001 - CONTROL NUMBER
control field 4856
003 - CONTROL NUMBER IDENTIFIER
control field BD-DhUET
008 - FIXED-LENGTH DATA ELEMENTS--GENERAL INFORMATION
fixed length control field 840307s1984 nyua 001 0 eng
020 ## - INTERNATIONAL STANDARD BOOK NUMBER
International Standard Book Number 0070044384
040 ## - CATALOGING SOURCE
Original cataloging agency DLC
Transcribing agency DLC
Modifying agency BD-DhUET
082 00 - DEWEY DECIMAL CLASSIFICATION NUMBER
Classification number 620.1
Item number BEE/1984
100 ## - MAIN ENTRY--PERSONAL NAME
Personal name Beer, Ferdinand P.
245 10 - TITLE STATEMENT
Title Vector mechanics for engineers
Remainder of title statics and dynamics
250 ## - EDITION STATEMENT
Edition statement 4th ed.
260 ## - PUBLICATION, DISTRIBUTION, ETC. (IMPRINT)
Place of publication, distribution, etc. New York
Name of publisher, distributor, etc. McGraw-Hill
Date of publication, distribution, etc. 1984
300 ## - PHYSICAL DESCRIPTION
Extent xxi, 926 p.
Other physical details ill.
Dimensions 24 cm.
504 ## - BIBLIOGRAPHY, ETC. NOTE
Bibliography, etc Includes bibliographies
650 #0 - SUBJECT ADDED ENTRY--TOPICAL TERM
Topical term or geographic name as entry element Engineering instruments
700 1# - ADDED ENTRY--PERSONAL NAME
Personal name Johnston, E. Russell
942 ## - ADDED ENTRY ELEMENTS (KOHA)
Koha item type General Book
Holdings
Price effective from Koha full call number Koha date last seen Not for loan Withdrawn status Damaged status Copy number Piece designation (barcode) Sublocation or collection (holding branch) Koha item type Lost status Koha issues (times borrowed) Shelving location Koha normalized classification for sorting Koha date last borrowed Location (home branch) Source of classification or shelving scheme Date acquired
2014-11-23620.1/BEE/19842015-12-08   166051Central Library, BUETGeneral Book  Circulation section620_100000000000000_BEE_1984 Central Library, BUET 2014-11-23
2014-11-24620.1/BEE/19842022-06-20   166042Central Library, BUETGeneral Book 2Circulation section620_000000000000000_1BEE19842022-06-12Central Library, BUET 2014-11-24
2014-11-29620.1/BEE/19842023-06-07   166086Central Library, BUETGeneral Book 4Circulation section620_100000000000000_BEE_19842023-01-10Central Library, BUET 2014-11-29
2014-12-11620.1 /BEE/19842025-05-28   4966044Central Library, BUETGeneral Book 1Circulation section620_100000000000000_BEE_19842025-04-30Central Library, BUET 2014-12-11
2014-12-11620.1/BEE/19842015-02-23   166012Central Library, BUETGeneral Book  Circulation section620_100000000000000_BEE_1984 Central Library, BUET 2014-12-11
2015-01-19620.1/BEE/19842015-12-22   666043Central Library, BUETGeneral Book  Circulation section620_100000000000000_BEE_1984 Central Library, BUET 2015-01-19
2015-02-16620.1/BEE/19842022-12-13   781336Central Library, BUETGeneral Book 1Circulation section620_100000000000000_BEE_19842022-11-21Central Library, BUET 2015-02-16
2015-04-01620.1/BEE/19842018-04-30   166048Central Library, BUETGeneral Book 1Circulation section620_100000000000000_BEE_19842018-04-18Central Library, BUET 2015-04-01
2015-06-21620.1/BEE/19842015-06-21   966015Central Library, BUETReading Item  Reading section620_100000000000000_BEE_1984 Central Library, BUET 2015-06-21
2015-06-22620.1/BEE/19842015-06-22   1066014Central Library, BUETGeneral Book  Reading section620_100000000000000_BEE_1984 Central Library, BUET 2015-06-22
2015-06-22620.1/BEE/19842015-06-22   1166013Central Library, BUETGeneral Book  Reading section620_100000000000000_BEE_1984 Central Library, BUET 2015-06-22
2015-06-29620.01/BEE/19842015-06-29   1266095Central Library, BUETReading Item  Reading section620_010000000000000_BEE_1984 Central Library, BUET 2015-06-29
2015-07-28620.1/BEE/19842015-07-28   1375502Central Library, BUETGeneral Book  Circulation section620_100000000000000_BEE_1984 Central Library, BUET 2015-07-28